Statistics for 2018-19 UEFA Europa League Results

Click here to take the quiz!

General Stats

  • This quiz has been taken 159 times
  • The average score is 24 of 32

Answers on the Map

Answers color-coded by a green-red scale on the quiz's map according to % correct below.
 

Answer Stats

Club% Correct
๐Ÿด๓ ง๓ ข๓ ฅ๓ ฎ๓ ง๓ ฟChelsea
97%
๐Ÿด๓ ง๓ ข๓ ฅ๓ ฎ๓ ง๓ ฟArsenal
96%
๐Ÿ‡ต๐Ÿ‡นBenfica
87%
๐Ÿ‡น๐Ÿ‡ทGalatasaray
85%
๐Ÿ‡ฎ๐Ÿ‡นInter Milan
82%
๐Ÿ‡ช๐Ÿ‡ธSevilla
82%
๐Ÿ‡ช๐Ÿ‡ธValencia
82%
๐Ÿ‡ฎ๐Ÿ‡นLazio
81%
๐Ÿด๓ ง๓ ข๓ ณ๓ ฃ๓ ด๓ ฟCeltic
79%
๐Ÿ‡บ๐Ÿ‡ฆDynamo Kyiv
79%
๐Ÿ‡ฌ๐Ÿ‡ทOlympiacos
79%
๐Ÿ‡ท๐Ÿ‡บZenit St Petersburg
79%
๐Ÿ‡ญ๐Ÿ‡ทDinamo Zagreb
78%
๐Ÿ‡ช๐Ÿ‡ธVillarreal
78%
๐Ÿ‡ฎ๐Ÿ‡นNapoli
77%
๐Ÿ‡ฉ๐Ÿ‡ชBayer 04 Leverkusen
76%
๐Ÿ‡ฆ๐Ÿ‡นRed Bull Salzburg
76%
๐Ÿ‡ฉ๐Ÿ‡ชEintracht Frankfurt
75%
๐Ÿ‡ต๐Ÿ‡นSporting CP
75%
๐Ÿ‡ง๐Ÿ‡ชClub Brugge
74%
๐Ÿ‡ธ๐Ÿ‡ชMalmรถ
74%
๐Ÿ‡ง๐Ÿ‡ชGenk
72%
๐Ÿ‡จ๐Ÿ‡ฟSlavia Prague
68%
๐Ÿ‡ง๐Ÿ‡พBATE Borisov
67%
๐Ÿ‡บ๐Ÿ‡ฆShakhtar Donetsk
67%
๐Ÿ‡น๐Ÿ‡ทFenerbahรงe
66%
๐Ÿ‡จ๐Ÿ‡ญZรผrich
63%
๐Ÿ‡ฆ๐Ÿ‡นRapid Wien
61%
๐Ÿ‡ช๐Ÿ‡ธReal Betis
59%
๐Ÿ‡จ๐Ÿ‡ฟViktoria Plzeลˆ
59%
๐Ÿ‡ซ๐Ÿ‡ทRennes
58%
๐Ÿ‡ท๐Ÿ‡บKrasnodar
56%

Score Distribution

Percentile by Number Answered

Percent of People with Each Score

Your Score History

You have not taken this quiz